La réponse est une lettre - Erreurs éliminatoires - Statistiques

Statistiques générales
  • Ce quiz a été pris 285 fois
  • Le résultat moyen est 7 sur 15
Statistiques - réponses
Indice Lettre % Correct
Entreprise et une chaîne de magasins suédoise : H&_ M
100%
Groupe sanguin du "donneur universel" O
55%
Cinquante en chiffres romains L
49%
Le deuxième "plan" lorsque le premier tombe à l'eau B
46%
Lettre de la plaque d'immatriculation allemande sur le liseré bleu européen D
46%
Première lettre d'un clavier numérique en Angleterre Q
46%
Rappeur et homme d'affaires américain : Jay-_ Z
46%
En français, lettre la plus utilisée E
44%
Pas de stress, il y a Point _ S
43%
Symbole chimique du potassium K
41%
L'axe des ordonnées sur le plan cartésien Y
38%
Rayon électromagnétique à haute fréquence X
36%
En physique, la constante gravitationnelle G
32%
Lettre du Valet sur une carte à jouer anglophone J
27%
Score parfait au bowling X
15%
Aucun quiz correspondant
Distribution des résultats
% des personnes avec chaque résultat
Percentile par nombre de réponses
Votre historique - résultats
Vous n’avez pas pris ce quiz